000 01301nam a22003737a 4500
003 CHAP
005 20220329132952.0
008 971013s1995 r 00010 d
010 _a777
011 _a1749
035 _a925
040 _cCHAP
090 _aTesis
100 0 0 _aSantos Lara, Ariel de los.
_9102506
245 _aEfecto de acidificadores y probióticos en aguas de bebida sobre prevención de diarreas y comportamiento productivo de conejos en engorda
260 _aChapingo, Méx. :
_bEl autor,
_c1995
300 _a68 h.
502 _aTesis (Ing. Agr. Esp. en Zootecnia) -- UACH. Departamento de Zootecnia
590 _aALEPH
_b10
_c20130110
_lUCH01
_h1206
590 _aBATCH-UPD
_b10
_c20130110
_lUCH01
_h0851
590 _aBATCH-UPD
_b10
_c20130410
_lUCH01
_h0523
590 _aBATCH-UPD
_b10
_c20130913
_lUCH01
_h2008
590 _aCONVERSION
_b10
_c20130109
_lUCH01
_h1302
650 1 4 _aAditivos alimenticios.
_9907
650 1 4 _aConejos
_xAlimentación.
_926353
650 1 4 _aConejos
_xEnfermedades.
_926362
650 1 4 _aConejos
_xEngorda.
_926363
650 1 4 _aConejos
_xReproducción.
_926378
650 1 4 _aProbióticos.
_991693
901 _aBK
942 _cFOLL
949 _bBC
_cTES
_d-10384
_eTS1
_h27806
_i925
_si
949 _bBC
_cTES
_d33724000934899
_eTS2
_fc.2
_h27807
_i925
_si
999 _c777
_d777